EGYES ADÓALAPOT ÉS MEGÁLLAPÍTOTT ADÓT CSÖKKENTŐ KEDVEZMÉNYEK FELHASZNÁLÁSI HAJLANDÓSÁGÁNAK MATEMATIKAI MÓDSZEREKKEL VALÓ VIZSGÁLATA A MIKROVÁLLALKOZÓI SZEKTORBAN

Bibliographic Details
Main Author: Horváth Szilvia Evelin
Other Authors: Kovácsné dr. Sipos Dr. Ágnes Margit
Germán Márton
Format: Thesis
Kulcsszavak:Mikrovállalkozás
SZJA
családi adókedvezmény
Online Access:http://dolgozattar.uni-bge.hu/22053

MARC

LEADER 00000nta a2200000 i 4500
001 dolg22053
005 20190515154836.0
008 190515suuuu hu om 000 hun d
040 |a BGE Dolgozattár Repozitórium  |b hun 
041 |a hu 
100 1 |a Horváth Szilvia Evelin 
245 1 0 |a EGYES ADÓALAPOT ÉS MEGÁLLAPÍTOTT ADÓT CSÖKKENTŐ KEDVEZMÉNYEK FELHASZNÁLÁSI HAJLANDÓSÁGÁNAK MATEMATIKAI MÓDSZEREKKEL VALÓ VIZSGÁLATA A MIKROVÁLLALKOZÓI SZEKTORBAN  |c Horváth Szilvia Evelin  |h [elektronikus dokumentum] 
246 1 1 |a EGYES ADÓALAPOT ÉS MEGÁLLAPÍTOTT ADÓT CSÖKKENTŐ KEDVEZMÉNYEK FELHASZNÁLÁSI HAJLANDÓSÁGÁNAK MATEMATIKAI MÓDSZEREKKEL VALÓ VIZSGÁLATA A MIKROVÁLLALKOZÓI SZEKTORBAN 
695 |a Mikrovállalkozás 
695 |a SZJA 
695 |a családi adókedvezmény 
700 1 |a Kovácsné dr. Sipos Dr. Ágnes Margit  |e ths 
700 1 |a Germán Márton  |e ths 
856 4 0 |u http://dolgozattar.uni-bge.hu/22053/1/AL%C3%81%C3%8DRT_szakdolgozat_p%C3%A9nz%C3%BCgy_mesterszak_Horv%C3%A1th_Szilvia_Evelin.pdf  |z Dokumentum-elérés